[Event "Srpska Republic-chT 1st League"]
[Site "Banja Dvorovi"]
[Date "2018.08.05"]
[Round "2.5"]
[White "Markovic, Miroslav"]
[Black "Kuzmanovic, Slobodan"]
[Result "1-0"]
[WhiteElo "2448"]
[BlackElo "2083"]
[PlyCount "121"]
[EventDate "2018.08.04"]
[EventType "team-tourn"]
[EventRounds "9"]
[EventCountry "BIH"]
[SourceTitle "CBM 186 Extra"]
[Source "ChessBase"]
[SourceDate "2018.08.24"]
[SourceVersion "1"]
[SourceVersionDate "2018.08.24"]
[SourceQuality "1"]
[WhiteTeam "Brcko Jedinstvo"]
[BlackTeam "Teslic Mladost"]
[WhiteTeamCountry "BIH"]
[BlackTeamCountry "BIH"]

1. e4 c5 2. c3 g6 3. Nf3 Bg7 4. d4 cxd4 5. cxd4 d5 6. exd5 Nf6 7. Nc3 0-0 8. Bc4 Nbd7 9. 0-0 Nb6 10. Qb3 Nxc4 11. Qxc4 Bf5 12. Re1 a6 13. Bf4 Rc8 14. Qb3 b5 15. Ne5 e6 16. Bg5 h6 17. Bxf6 Bxf6 18. a4 exd5 19. axb5 axb5 20. Qxb5 Rb8 21. Qe2 Re8 22. Qd2 Bxe5 23. Rxe5 Rxe5 24. dxe5 d4 25. Ne2 Qb6 26. Nxd4 Qxb2 27. Qxb2 Rxb2 28. Nxf5 gxf5 29. f4 Rb6 30. Rd1 f6 31. Rd6 Rb1+ 32. Kf2 fxe5 33. fxe5 Rb5 34. Re6 Kg7 35. h4 Rb4 36. g3 Re4 37. h5 Rg4 38. Kf3 Rg5 39. Re7+ Kf8 40. Rh7 Rxh5 41. Kf4 Kg8 42. Ra7 Rg5 43. e6 Kf8 44. Ke5 Rg6 45. Kd6 Kg8 46. Kd7 Rxg3 47. Ra8+ Kg7 48. e7 Re3 49. e8Q Rxe8 50. Rxe8 Kf6 51. Kd6 h5 52. Rf8+ Kg5 53. Ke5 Kg4 54. Rg8+ Kf3 55. Kxf5 h4 56. Ra8 h3 57. Ra3+ Kg2 58. Kg4 h2 59. Ra2+ Kg1 60. Kg3 h1N+ 61. Kf3 1-0

[Event "Srpska Republic-chT 1st League"]
[Site "Banja Dvorovi"]
[Date "2017.08.18"]
[Round "7.2"]
[White "Kuzmanovic, Slobodan"]
[Black "Dimic, Pavle"]
[Result "0-1"]
[WhiteElo "2136"]
[BlackElo "2341"]
[PlyCount "102"]
[EventDate "2017.08.12"]
[EventType "team-tourn"]
[EventRounds "9"]
[EventCountry "BIH"]
[SourceTitle "EXT 2019"]
[Source "ChessBase"]
[SourceDate "2018.10.10"]
[SourceVersion "1"]
[SourceVersionDate "2018.10.10"]
[SourceQuality "1"]
[WhiteTeam "Teslic Mladost"]
[BlackTeam "Derventa"]
[WhiteTeamCountry "BIH"]
[BlackTeamCountry "BIH"]

1. e4 c5 2. Nf3 d6 3. Bb5+ Bd7 4. Bxd7+ Qxd7 5. 0-0 Nf6 6. Re1 Nc6 7. c3 e6 8. d4 cxd4 9. cxd4 d5 10. e5 Ne4 11. Nbd2 Nxd2 12. Bxd2 Be7 13. Bg5 h6 14. Bxe7 Qxe7 15. Qa4 Qb4 16. Qxb4 Nxb4 17. Rec1 Kd7 18. a3 Nc6 19. Kf1 Rac8 20. Ke2 f6 21. b4 fxe5 22. Nxe5+ Nxe5 23. dxe5 Rhf8 24. Ke3 g5 25. f3 Rxc1 26. Rxc1 Rf5 27. Kd4 Rf4+ 28. Ke3 b5 29. g3 Rc4 30. Rxc4 dxc4 31. Kd4 Ke7 32. Kc3 Kf7 33. Kd4 Kg6 34. g4 h5 35. a4 hxg4 36. fxg4 a6 37. axb5 axb5 38. Ke4 Kf7 39. Kd4 Ke7 40. Ke4 Kd7 41. Ke3 Kc6 42. Kd4 c3 43. Kxc3 Kd5 44. Kd3 Kxe5 45. Ke3 Kd5 46. Kd3 e5 47. Ke3 e4 48. Ke2 Kd4 49. Kd2 e3+ 50. Kd1 Kd3 51. Ke1 e2 0-1

[Event "Srpska Republic-chT 1st League"]
[Site "Banja Dvorovi"]
[Date "2017.08.17"]
[Round "6.2"]
[White "Pastar, Slaven"]
[Black "Kuzmanovic, Slobodan"]
[Result "1-0"]
[WhiteElo "2220"]
[BlackElo "2136"]
[PlyCount "69"]
[EventDate "2017.08.12"]
[EventType "team-tourn"]
[EventRounds "9"]
[EventCountry "BIH"]
[SourceTitle "EXT 2019"]
[Source "ChessBase"]
[SourceDate "2018.10.10"]
[SourceVersion "1"]
[SourceVersionDate "2018.10.10"]
[SourceQuality "1"]
[WhiteTeam "Dvorovi"]
[BlackTeam "Teslic Mladost"]
[WhiteTeamCountry "BIH"]
[BlackTeamCountry "BIH"]

1. d4 Nf6 2. c4 c5 3. d5 d6 4. Nc3 g6 5. e4 Bg7 6. Bd3 0-0 7. Nge2 e6 8. 0-0 exd5 9. cxd5 Re8 10. Ng3 Na6 11. h3 Nc7 12. a4 Rb8 13. Bg5 h6 14. Be3 a6 15. a5 b5 16. axb6 Rxb6 17. Ra2 Nd7 18. Qd2 Qh4 19. Kh2 Ne5 20. Be2 Rb4 21. Ra4 Rxa4 22. Nxa4 Bd7 23. Nc3 f5 24. exf5 gxf5 25. f4 Ng4+ 26. Bxg4 fxg4 27. f5 Be5 28. Bf4 gxh3 29. gxh3 Nb5 30. Bxe5 Rxe5 31. Rf4 Nd4 32. Nce4 Bxf5 33. Nxf5 Nf3+ 34. Rxf3 Rxe4 35. Nxh4 1-0

[Event "Srpska Republic-chT 1st League"]
[Site "Banja Dvorovi"]
[Date "2017.08.12"]
[Round "1.4"]
[White "Stojanovic, Dalibor"]
[Black "Kuzmanovic, Slobodan"]
[Result "1-0"]
[WhiteElo "2484"]
[BlackElo "2136"]
[PlyCount "61"]
[EventDate "2017.08.12"]
[EventType "team-tourn"]
[EventRounds "9"]
[EventCountry "BIH"]
[SourceTitle "EXT 2019"]
[Source "ChessBase"]
[SourceDate "2018.10.10"]
[SourceVersion "1"]
[SourceVersionDate "2018.10.10"]
[SourceQuality "1"]
[WhiteTeam "Brcko Jedinstvo"]
[BlackTeam "Teslic Mladost"]
[WhiteTeamCountry "BIH"]
[BlackTeamCountry "BIH"]

1. e4 e5 2. Bc4 Nf6 3. d3 Nc6 4. Nf3 h6 5. 0-0 d6 6. c3 g6 7. Re1 Bg7 8. Nbd2 0-0 9. Bb3 Na5 10. Bc2 c5 11. a3 Nc6 12. Bb3 Re8 13. Nf1 d5 14. Ng3 Bg4 15. h3 Be6 16. Bd2 b5 17. exd5 Bxd5 18. Bc2 c4 19. dxc4 bxc4 20. Ne4 Nxe4 21. Bxe4 f5 22. Bg5 fxe4 23. Bxd8 Rexd8 24. Nd2 Rab8 25. Qc2 Rb6 26. Nxe4 Rdb8 27. Rab1 Ne7 28. Red1 Bxe4 29. Qxe4 Rxb2 30. Rxb2 Rxb2 31. Rd7 1-0

[Event "Paracin Summer op-A 10th"]
[Site "Paracin"]
[Date "2017.07.12"]
[Round "7.35"]
[White "Rajkovic, Mladen"]
[Black "Kuzmanovic, Slobodan"]
[Result "1-0"]
[WhiteElo "2305"]
[BlackElo "2144"]
[PlyCount "83"]
[EventDate "2017.07.07"]
[EventType "swiss"]
[EventRounds "9"]
[EventCountry "SRB"]
[SourceTitle "EXT 2018"]
[Source "ChessBase"]
[SourceDate "2017.10.13"]
[SourceVersion "1"]
[SourceVersionDate "2017.10.13"]
[SourceQuality "1"]

1. e4 e5 2. Nf3 Nc6 3. Bb5 a6 4. Ba4 Nf6 5. 0-0 Be7 6. Re1 b5 7. Bb3 d6 8. c3 0-0 9. h3 Na5 10. Bc2 c5 11. d4 Nd7 12. Nbd2 exd4 13. cxd4 Nc6 14. d5 Nce5 15. a4 b4 16. Nxe5 Nxe5 17. f4 Ng6 18. Nc4 a5 19. Qd3 f5 20. e5 Bb7 21. b3 Qc7 22. g4 dxe5 23. gxf5 Bh4 24. fxg6 Bxe1 25. gxh7+ Kh8 26. Nxe5 Rf6 27. Bb2 Bc3 28. Bxc3 bxc3 29. d6 Qb6 30. Qb5 Qxb5 31. axb5 g6 32. Bxg6 Rxg6+ 33. Nxg6+ Kxh7 34. Ne5 Be4 35. d7 Bf5 36. b6 c2 37. b7 Rd8 38. Rc1 Be4 39. Kf2 Kg7 40. Ke2 Bxb7 41. Rxc2 Bd5 42. Rxc5 1-0

[Event "Zenica 19th"]
[Site "Zenica"]
[Date "2016.05.12"]
[Round "7"]
[White "Kuzmanovic, Slobodan"]
[Black "Burovic, Ismet"]
[Result "1-0"]
[WhiteElo "2146"]
[BlackElo "2377"]
[PlyCount "155"]
[EventDate "2016.05.09"]
[EventType "tourn"]
[EventRounds "9"]
[EventCountry "BIH"]
[SourceTitle "CBM 172 Extra"]
[Source "ChessBase"]
[SourceDate "2016.06.21"]
[SourceVersion "1"]
[SourceVersionDate "2016.06.21"]
[SourceQuality "1"]

1. e4 g6 2. d4 Bg7 3. Nc3 d6 4. Nf3 Nf6 5. Bg5 h6 6. Bh4 Nh5 7. Qd2 g5 8. Bg3 c5 9. dxc5 Nxg3 10. hxg3 dxc5 11. Bb5+ Bd7 12. 0-0-0 Nc6 13. Qe3 Qa5 14. Qxc5 0-0-0 15. Nd4 Kb8 16. Nb3 Qc7 17. Nd5 Qe5 18. Qc3 Qxc3 19. Nxc3 Bxc3 20. bxc3 Ne5 21. Rd5 f6 22. Rhd1 Kc7 23. Nc5 Bc8 24. Rxd8 Rxd8 25. Rxd8 Kxd8 26. Nd3 Nf7 27. Ne1 Be6 28. a3 Nd6 29. Bd3 Nc4 30. Bxc4 Bxc4 31. g4 Be2 32. f3 Bc4 33. Kd2 e5 34. g3 Kc7 35. Ng2 Kc6 36. Ne3 Kc5 37. Nf5 a5 38. Ng7 Bf7 39. Nf5 Bc4 40. Ne3 Be6 41. Nd1 Kb5 42. Nb2 Bc4 43. Ke3 Kc5 44. Kd2 Kb5 45. Nd3 Bf7 46. Nb2 Bc4 47. Nd1 Ka4 48. Nb2+ Kb5 49. Ke3 Kc5 50. f4 Be6 51. f5 Bd7 52. c4 Be8 53. Kd3 h5 54. Kc3 b6 55. Nd3+ Kc6 56. Nf2 Kc5 57. gxh5 Bxh5 58. g4 Bf7 59. Nd3+ Kc6 60. Nf2 Kc5 61. Nh1 Bxc4 62. Ng3 b5 63. Nh5 b4+ 64. axb4+ axb4+ 65. Kd2 Kd4 66. Nxf6 Ba2 67. Nd5 Kxe4 68. Nxb4 Bg8 69. Nd3 Kd4 70. Nf2 Bd5 71. c3+ Kc5 72. Ke3 Bb3 73. Ne4+ Kd5 74. Nxg5 Bd1 75. Ne4 Bc2 76. g5 Bd1 77. g6 Bb3 78. Nd2 1-0

[Event "SRB Central-ch op-A 8th"]
[Site "Paracin"]
[Date "2015.07.09"]
[Round "8"]
[White "Kuzmanovic, Slobodan"]
[Black "Vucinic, Gojko"]
[Result "0-1"]
[WhiteElo "2173"]
[BlackElo "2328"]
[PlyCount "136"]
[EventDate "2015.07.03"]
[EventType "swiss"]
[EventRounds "9"]
[EventCountry "SRB"]
[SourceTitle "CBM 167 Extra"]
[Source "ChessBase"]
[SourceDate "2015.09.14"]
[SourceVersion "1"]
[SourceVersionDate "2015.09.14"]
[SourceQuality "1"]

1. e4 c5 2. Nf3 d6 3. d4 cxd4 4. Nxd4 Nf6 5. Nc3 g6 6. Nd5 Bg7 7. Bb5+ Bd7 8. 0-0 Nc6 9. Nxf6+ Bxf6 10. Bxc6 bxc6 11. Bh6 Qb6 12. Nf3 Qxb2 13. Rb1 Qxa2 14. Qd3 Qa5 15. Rb7 Bc8 16. Rb3 Ba6 17. c4 Qh5 18. e5 dxe5 19. Qe4 Rc8 20. Rb8 Qxh6 21. Qxc6+ Kf8 22. Rxc8+ Bxc8 23. Qxc8+ Kg7 24. Qb7 Qf4 25. Re1 Qxc4 26. Qxa7 e4 27. Nd2 Qb4 28. Qe3 Bc3 29. Rb1 Bxd2 30. Rxb4 Bxe3 31. fxe3 f5 32. Rb6 Rd8 33. Ra6 Rd6 34. Ra5 Kf6 35. Ra8 h6 36. h4 e5 37. Ra4 g5 38. hxg5+ hxg5 39. g4 f4 40. Rxe4 Rd3 41. Kf2 Rxe3 42. Ra4 Rg3 43. Ra6+ Kf7 44. Ra7+ Ke6 45. Ra6+ Kd5 46. Ra5+ Kd4 47. Ra4+ Kd3 48. Ra3+ Kd2 49. Ra2+ Kc3 50. Ra4 Rxg4 51. Re4 Rg3 52. Rxe5 Kd4 53. Ra5 Ke4 54. Rb5 Rf3+ 55. Kg2 g4 56. Rb4+ Kf5 57. Rb5+ Kf6 58. Rb6+ Kg5 59. Rb5+ Kh4 60. Rb8 Rc3 61. Rh8+ Kg5 62. Rg8+ Kf5 63. Rf8+ Ke4 64. Re8+ Kd3 65. Rd8+ Ke2 66. Ra8 f3+ 67. Kh2 f2 68. Ra2+ Kf3 0-1

[Event "SRB Central-ch op-A 8th"]
[Site "Paracin"]
[Date "2015.07.04"]
[Round "2"]
[White "Kuzmanovic, Slobodan"]
[Black "Savic, Miodrag R"]
[Result "0-1"]
[WhiteElo "2173"]
[BlackElo "2505"]
[PlyCount "40"]
[EventDate "2015.07.03"]
[EventType "swiss"]
[EventRounds "9"]
[EventCountry "SRB"]
[SourceTitle "CBM 167 Extra"]
[Source "ChessBase"]
[SourceDate "2015.09.14"]
[SourceVersion "1"]
[SourceVersionDate "2015.09.14"]
[SourceQuality "1"]

1. e4 d5 2. exd5 Qxd5 3. Nc3 Qa5 4. g3 c6 5. Bg2 Nf6 6. Nf3 Bf5 7. b4 Qc7 8. 0-0 a6 9. d3 e6 10. Bf4 Bd6 11. Bxd6 Qxd6 12. Qd2 0-0 13. Nh4 Qxb4 14. Nxf5 exf5 15. Rab1 Qe7 16. Rb6 Ra7 17. Rfb1 Re8 18. Qf4 Nbd7 19. Rxb7 Rxb7 20. Rxb7 Qe1+ 0-1

[Event "Srpska Republic-ch"]
[Site "Prijedor"]
[Date "2014.12.12"]
[Round "2"]
[White "Maksimovic, Bojan"]
[Black "Kuzmanovic, Slobodan"]
[Result "0-1"]
[WhiteElo "1746"]
[BlackElo "2143"]
[PlyCount "54"]
[EventDate "2014.12.11"]
[EventType "swiss"]
[EventRounds "9"]
[EventCountry "BIH"]
[SourceTitle "CBM 164 Extra"]
[Source "ChessBase"]
[SourceDate "2015.03.02"]
[SourceVersion "1"]
[SourceVersionDate "2015.03.02"]
[SourceQuality "1"]

1. e4 e5 2. Nf3 Nc6 3. Bb5 a6 4. Ba4 Nf6 5. 0-0 Be7 6. Re1 b5 7. Bb3 d6 8. h3 Na5 9. c3 Nxb3 10. axb3 Bb7 11. d3 0-0 12. Nbd2 g6 13. Nf1 Nh5 14. Bh6 Re8 15. Ne3 Bf8 16. Bxf8 Kxf8 17. Nh2 Nf4 18. Nhf1 d5 19. exd5 Bxd5 20. d4 Bb7 21. dxe5 Rxe5 22. Qg4 Qf6 23. g3 Rg5 24. Qh4 Ne2+ 25. Rxe2 Qf3 26. Nd5 Bxd5 27. Qb4+ Kg8 0-1

[Event "Srpska Republic-chT 1st League"]
[Site "Banja Vrucica"]
[Date "2014.08.14"]
[Round "6.3"]
[White "Savanovic, Aleksandar"]
[Black "Kuzmanovic, Slobodan"]
[Result "1-0"]
[WhiteElo "2424"]
[BlackElo "2123"]
[PlyCount "71"]
[EventDate "2014.08.09"]
[EventType "team-tourn"]
[EventRounds "9"]
[EventCountry "BIH"]
[SourceTitle "EXT 2016"]
[Source "ChessBase"]
[SourceDate "2015.10.08"]
[SourceVersion "1"]
[SourceVersionDate "2015.10.08"]
[SourceQuality "1"]
[WhiteTeam "Srbac"]
[BlackTeam "Teslic Mladost"]
[WhiteTeamCountry "BIH"]
[BlackTeamCountry "BIH"]

1. e4 e5 2. Nf3 Nc6 3. Bb5 a6 4. Ba4 Nf6 5. 0-0 Be7 6. Re1 b5 7. Bb3 d6 8. c3 0-0 9. a4 b4 10. a5 Bg4 11. h3 Be6 12. Bxe6 fxe6 13. d4 bxc3 14. Nxc3 exd4 15. Nxd4 Nxd4 16. Qxd4 Nd7 17. Qc4 Rf6 18. f4 Kh8 19. Be3 Rg6 20. Qc6 Bf6 21. Rac1 Rb8 22. Re2 d5 23. exd5 exd5 24. Qxd5 Bxc3 25. Rxc3 Rd6 26. Qf3 Nf6 27. Kh2 Qd7 28. Bc5 Rd5 29. b4 Re8 30. Rxe8+ Qxe8 31. Re3 Qg6 32. Be7 c6 33. Bxf6 gxf6 34. Re7 h5 35. Rc7 Rd3 36. Rc8+ 1-0